| 000 | 00989nam a2200193Ia 4500 | ||
|---|---|---|---|
| 003 | Ost | ||
| 005 | 20260507075635.0 | ||
| 008 | 260507s9999||||xx |||||||||||||| ||und|| | ||
| 040 | _cfsecg | ||
| 041 | _aara | ||
| 082 | _a341.79 | ||
| 100 |
_aالفقي، عمرو عيسى _eمؤلف |
||
| 245 | 0 |
_aالجديد في التحكيم في الدول العربية / _c عمرو عيسى الفقي |
|
| 260 |
_aالإسكندرية: _bالمكتب الجامعي الحديث, _c2003 |
||
| 300 |
_a349 صفحة؛ _bإيضاحات ؛ _c24 سم |
||
| 520 | _aالتحكيم- قانون التحكيم ونطاق السريان- التحكيم الإختياري- الإجراءات قوانين التحكيم في بعض الدول العربية- صيغ العقود ودعاوي التحكيم- التحكيم في القوانين الإقتصادية- قوانين التحكيم في بعض الدول العربية | ||
| 653 | _aالقانون الدولي | ||
| 942 | _cكتاب | ||
| 999 |
_c45275 _d45275 |
||